000 00768cab a2200229 4500
001 X87484
008 090401t1997 xxu||||| |||| 00| 0 eng d
035 _a(Sirsi) u81882
041 _aeng
100 _aMorrison, N.
245 2 _aA critique of a local property forecasting model
260 _c1997
350 _a0
490 _aJournal of Property Research
_v14(3) 1997, 237-255(19)
520 _aThis paper citically evaluates a model produced by the Department of Land Economy ans d PA Cambridge Consultants which forecast demand and supply floorspace changes in Kent`s commercial property markets.
650 _aFLOORSPACE RATIOS
650 _aGDP
650 _aSUPPLY PIPELINE
690 _aCOMMERICAL PROPERTY
942 _n0
948 _c04/11/1997
999 _c51631
_d51631